Sports Quiz

Random Sports or NFL Quiz

Name Their Recent Former Team: NFL Edition Quiz Stats

 Plays Quiz not verified by Sporcle

Score 0/31 Timer 05:00
0 Plays Today
Player Former Team % Correct
Kyle OrtonBears
99.6%
Matt LeinartCardinals
99.2%
Michael VickFalcons
98.8%
Jason CampbellRedskins
96.7%
Kellen WinslowBrowns
96.3%
Chad PenningtonJets
96.3%
Terrell OwensBills
95.9%
Asante SamuelPatriots
95.5%
Brian DawkinsEagles
94.3%
Brian WestbrookEagles
93.9%
Brandon MarshallBroncos
93.9%
Seneca WallaceSeahawks
93.1%
Antonio CromartieChargers
91.9%
Fred TaylorJaguars
91.9%
Ricky WilliamsSaints
91.5%
Marshawn LynchBills
91.5%
Player Former Team % Correct
Cedric BensonBears
89%
T.J. HoushmandzadehSeahawks
85%
Antrel RolleCardinals
80.9%
Derrick MasonTitans
79.7%
Aaron KampmanPackers
79.7%
Wes WelkerDolphins
78.5%
Kyle Vanden BoschTitans
77.6%
Jabar GaffneyPatriots
70.3%
Kerry CollinsRaiders
64.2%
Adewale OgunleyeBears
63.8%
Dunta RobinsonTexans
61%
Bart ScottRavens
56.9%
London FletcherBills
53.3%
Kirk MorrisonRaiders
47.2%
Visanthe SchiancoeGiants
40.7%

You're not logged in!

Compare scores with friends on all Sporcle quizzes.
OR
Log In

Show Comments

Extras

Created Oct 26, 2010ReportNominate
Tags:NFL Quiz, edition, former, player, team

Top Quizzes Today


Score Distribution

Your Account Isn't Verified!

In order to create a playlist on Sporcle, you need to verify the email address you used during registration. Go to your Sporcle Settings to finish the process.

Report this User

Report this user for behavior that violates our Community Guidelines.

Details: